Statistics for Countries Closest to the Netherlands - 30 Second Sprint

Click here to take the quiz!

General Stats

  • This quiz has been taken 72 times
  • The average score is 8 of 20

Answer Stats

kmcountrymiles% Correct
0France0
100%
0Germany0
97%
0Belgium0
92%
133United Kingdom83
89%
64Luxembourg39
74%
200Denmark124
72%
434Sweden269
51%
494Norway307
48%
371Switzerland230
43%
463Poland288
39%
445Austria276
38%
411Czechia256
23%
465Liechtenstein289
16%
27Venezuela17
10%
125Colombia78
7%
259Dominica161
3%
13Saint Kitts and Nevis8
3%
119Antigua and Barbuda74
2%
431Saint Lucia268
2%
493Saint Vincent and
the Grenadines
306
0%

Score Distribution

Percentile by Number Answered

Percent of People with Each Score

Your Score History

You have not taken this quiz